LEADER 01019nam0-22002771i-450- 001 990002100710403321 005 20060302142452.0 010 $a92-828-1654-0 035 $a000210071 035 $aFED01000210071 035 $a(Aleph)000210071FED01 035 $a000210071 100 $a20030910d1997----km-y0itay50------ba 101 0 $aita 200 1 $aTrattato di Amsterdam che modifica il trattato sull'Unione Europea, i trattati che istituiscono le Comunità Europee ealcuni atti connessi$fUnione Europea 210 $aLussemburgo$cUfficio delle pubblicazione ufficiali delle Comunità Europee$d1997 215 $a144 p.$d25 cm 610 0 $aTrattato Amsterdam 710 02$aUnione europea$0361259 801 0$aIT$bUNINA$gRICA$2UNIMARC 901 $aBK 912 $a990002100710403321 952 $a62 3.1 CE 1$fDAGEA 959 $aDAGEA 996 $aTrattato di Amsterdam che modifica il trattato sull'Unione Europea, i trattati che istituiscono le Comunità Europee ealcuni atti connessi$9393989 997 $aUNINA LEADER 01057nam0 22002651i 450 001 SUN0019790 005 20151105104559.190 010 $a08-493-4712-2 100 $a20040714d1989 |0engc50 ba 101 $aeng 102 $aUS 105 $a|||| ||||| 200 1 $aTrace element speciation$eanalytical methods and problems$fedited by Graeme E. Batley 210 $aBoca Raton$c[s. n.]$d1989 215 $a350 p.$cill.$d26 cm. 620 $aUS$dBoca Raton$3SUNL000070 676 $a543.028$cChimica analitica. Tecniche e procedure ausiliari, materiali$v22 702 1$aBatley$b, Graeme E.$3SUNV015978 712 $aCRC$3SUNV000167$4650 790 1$aBeatley, G. E.$zBatley, Graeme E.$3SUNV102081 801 $aIT$bSOL$c20201221$gRICA 912 $aSUN0019790 950 $aUFFICIO DI BIBLIOTECA DEL DIPARTIMENTO DI SCIENZE E TECNOLOGIE AMBIENTALI BIOLOGICHE E FARMACEUTICHE$d17CONS Cc27 $e17FSA1493 20040714 $sBuono 996 $aTrace element speciation$91427857 997 $aUNICAMPANIA